Quizzes
Events
Quiz Creation
Community
Videos
Private Events
Remove Ads
Sign In
Join for FREE
Feedback
Dark Mode
Quiz Categories
Sports
Geography
Music
Movies
Television
Just For Fun
Miscellaneous
History
Literature
Language
Science
Gaming
Entertainment
Religion
Holiday
For Kids
Quiz Lab
Recent
Popular Today
Quiz Kudos Today
Editor Picks
Curator Picks
Quizzes by...
Day
Popularity
Type
Ratings
Length
Year
Community
Subscriptions
Recent Discussions
Orange Saloon
Badges
Playlists
Quests
Create
Leaderboards
Showdown
Live 5
Trivia Bingo
Activity
Puzzle Library
Sporcle Events
Private Events
Virtual Trivia
Globe League
Become a Host
Pub Owners
SporcleCon
Opinionation
Our Games
Videos
Blog
Mobile Apps
Partnerships
Remove Ads and Go Orange
Feedback
History
US Presidents
World Leaders
Politics
Nation
Discovery
War
Decade
Year
Century
Biography
Art
History
US Presidents
World Leaders
Politics
Nation
Discovery
War
Decade
Year
Century
Biography
Art
Random Quiz
Search Sporcle
×
Quiz Lab
Quiz Lab
History
Term
Type in answers that appear in a list
Type in answers that appear in a list
Classic
Best Score? Go Orange.
Barack Obama's 1st term Cabinet Stats
Can you name the Barack Obama's 1st term Cabinet?
By
Musicofthenight
6m
16 Questions
29 Plays
29 Plays
29 Plays
Comments
Comments
Give Quiz Kudos
Give Quiz Kudos
-
- Ratings
hide this ad
Replay
Link that replays current quiz
Next Quiz
Link to next quiz in quiz playlist
You Got
0%
They Got
Avg Score
68%
Avg Friend Score
Upgrade to see
Score Distribution
Jump to the score distribution portion of the page
Score
0/16
Timer
06:00
0
Plays Today
Department
% Correct
Secretary of State
Hillary Clinton
100%
Attorney General
Eric Holder
89.7%
Secretary of Defense from inaguration to April 2011
Robert Gates
82.8%
Secretary of the Tresaury
Timothy Geithner
79.3%
Secretary of Defense form April 2010 to present
Leon Panetta
75.9%
Secretary of Homeland Security
Janet Napolitano
75.9%
Secretary of Health and Human Services
Kathleen Sebelius
72.4%
Secretary of Energy
Steven Chu
72.4%
Department
% Correct
Secretary of Agriculture
Tom Vilsack
69%
Secretary of Labor
Hilda Solis
69%
Secretary of Education
Arne Duncan
69%
Secretary of the Interior
Ken Salazar
65.5%
Secretary of Transportation
Ray LaHood
58.6%
Secretary of Veteran's Affairs
Eric Shinseki
41.4%
Secretary of Housing and Urban Devlopment
Shaun Donovan
37.9%
Secretary of Commerce
Gary Locke
34.5%
Quiz Playlist
Details
Report
Send in Message
Add To Playlist
Classic:
Type in answers that appear in a list
Last Updated: Feb 16, 2017
Quiz Scoreboard
CHALLENGE
Sign Up to Join the Scoreboard
Show All
Scores
Hide
Comments
May contain spoilers
Recently Published
TV Characters by Other Roles V
by ghcgh
Television
5m
Decade Duel: World Leaders
by jenniferyan
History
4m
Alphabetical 'K' Countries by Flag Minefield
by ylime102
Geography
3m
More to Explore
Quiz From the Vault
Featured Blog Post
15 Basketball Trivia Facts You Can Be March Mad About
hide this ad
You Might Also Like...
Tags
Barack Obama
Cabinet
department
Term
Today's Top Quizzes in History
Browse History
hide this ad
Today's Top Quizzes in Term
Browse Term
Top Contributed Quizzes in History
1
Decade Duel: US Presidents of the 1900s
2
I Am Born On March 19th
3
Decade Duel: US Presidents of the 1800s
4
Famous Spring Paintings
5
Arab Spring Nations
6
Art in Bloom
7
Religion og styreformer i Europa (klikking)
8
'NCAA' US History
9
Lead up to World War One
10
Constitutional Quiz
Explore More
Trending Topics
NBA
Crossword
Anime
Kpop
Marvel
Disney
Harry Potter
Country
Pokémon
WWE
Soccer
The Office
Puzzle
Song
NFL
hide this ad
More By:
Musicofthenight
Quiz
Plays
Rating
Category
Featured
Created
Match the song to the artist
1,852
2.00
Music
Oct 18, 2012
Broadway/West End Musical By Song
1,139
1.67
Entertainment
Aug 26, 2012
NFL Legends
969
2.00
Sports
Jan 12, 2014
Yugioh characters from all series?
282
1.50
Entertainment
Nov 22, 2012
Meryl Streep movie by Co-stars
216
1.00
Movies
Aug 25, 2012
Go to Creator's Profile
Score Distribution
Quiz Creator Spotlight
Musicofthenight
Follow
Send a Message
Quizzes Created
-
Created Quiz Play Count
-
More By This Creator
Popular Quizzes Today
1
Countries of Asia Without Outlines Minefield
2
Find the US States - No Outlines Minefield
3
Pick 6: Fruits
4
The Countries of the World
5
Find the Countries of Europe - No Outlines Minefield
6
Alphabetical 'K' Countries by Flag Minefield
7
Find the US States
8
US States
More History Quizzes
19th Century Europeans' Name Match
Published
Trending Quizzes
Pick 6: Mountains
Pick 6: Harry Potter
Pick 6: NFL Teams
Pick 6: Flags
C Names for Actors
Recently Updated
Adaptations: Name the Title
pecheneg
NWSL Teams
pecheneg
Women's Final Four Teams by Year
bhenderson79
Presidents Quartet II
eogle
Anything But Clue(do)
eogle
Anything But Oceanian Capitals
eogle
Anything But 7
eogle
Anything But Thing
eogle
Word Ladder: February 29
pecheneg
Song Title Questions
pecheneg
Trending Topics
Kpop
Marvel
NBA
Anime
Crossword
Disney
Harry Potter
Pokémon
WWE
The Office
Soccer
Country
Song
Puzzle
NFL
Your Account Isn't Verified!
In order to create a playlist on Sporcle, you need to verify the email address you used during registration. Go to your
Sporcle Settings
to finish the process.
Report this User
Report this user for behavior that violates our
Community Guidelines
.
Details:
Send Report
Go to the Sporcle.com Mobile Site →
Comments